Erfolgreichste Fußballvereine - Statistiken

Allgemein
  • Dieses Quiz wurde 189 mal gespielt
  • Das Durchschnittsergebnis liegt bei 5 aus 15
Answers on the Grid
Answers color-coded by a green-red scale on the quiz's grid according to % correct below.
Real Madrid
Bayern München
Inter Mailand
Manchester City
FC Liverpool
Paris Saint Germain
Borussia Dortmund
Bayer Leverkusen
FC Arsenal
FC Barcelona
Atletico Madrid
FC Chelsea
AS Rom
Benfica Lissabon
Eintracht Frankfurt
Manchester United
Juventus Turin
Sporting Lissabon
PSV Eindhoven
Ajax Amsterdam
AC Milan
FC Porto
Napoli
Aston Villa
Galatasaray Istanbul
Club Brügge
Feyernoord Rotterdam
Atalanta Bergamo
RB Leipzig
Tottenham Hotspur
 
Antwortstatistiken
Antwort % Korrekt
Bayern München
73%
Real Madrid
66%
FC Barcelona
53%
FC Liverpool
49%
Manchester City
44%
Paris Saint Germain
38%
Inter Mailand
34%
Borussia Dortmund
30%
FC Arsenal
29%
FC Chelsea
25%
Atletico Madrid
20%
AS Rom
6%
Bayer Leverkusen
6%
Benfica Lissabon
4%
Eintracht Frankfurt
4%
Keine übereinstimmenden Quizze gefunden
Verteilung der Resultate
Anzahl Personen mit jedem Resultat
Perzentil nach korrekt beantworteten Fragen
Ihre Resultats-Entwicklung
Sie haben dieses Quiz noch nicht gespielt